Advanced technology warfare : (Record no. 69410)

000 -LEADER
fixed length control field 01132cam a2200361 a 4500
001 - CONTROL NUMBER
control field 452873
003 - CONTROL NUMBER IDENTIFIER
control field NUST - PNEC
005 - DATE AND TIME OF LATEST TRANSACTION
control field 20170116181117.0
008 - FIXED-LENGTH DATA ELEMENTS--GENERAL INFORMATION
fixed length control field 860319r1985 nyua 001 0 eng
010 ## - LIBRARY OF CONGRESS CONTROL NUMBER
LC control number 85005483
020 ## - INTERNATIONAL STANDARD BOOK NUMBER
International Standard Book Number 0517558505 :
Terms of availability $22.95
020 ## - INTERNATIONAL STANDARD BOOK NUMBER
International Standard Book Number 0517558513 (pbk.) :
Terms of availability $12.95
035 ## - SYSTEM CONTROL NUMBER
System control number (OCoLC)11867249
035 ## - SYSTEM CONTROL NUMBER
System control number (OCoLC)ocm11867249
035 ## - SYSTEM CONTROL NUMBER
System control number (CStRLIN)NYCG86-B28748
035 ## - SYSTEM CONTROL NUMBER
System control number (NNC)452873
040 ## - CATALOGING SOURCE
Modifying agency CStRLIN
Transcribing agency LIBRARY
050 0# - LIBRARY OF CONGRESS CALL NUMBER
Classification number UF500
Item number .A38 1985
082 0# - DEWEY DECIMAL CLASSIFICATION NUMBER
Classification number 623 FRI
Edition number 19
090 ## - LOCALLY ASSIGNED LC-TYPE CALL NUMBER (OCLC); LOCAL CALL NUMBER (RLIN)
Classification number (OCLC) (R) ; Classification number, CALL (RLIN) (NR) UF500
Local cutter number (OCLC) ; Book number/undivided call number, CALL (RLIN) .A38 1985
245 00 - TITLE STATEMENT
Title Advanced technology warfare :
Remainder of title a detailed study of the latest weapons and techniques for warfare today and into the 21st century /
Statement of responsibility, etc. by Richard S. Friedman.
250 ## - EDITION STATEMENT
Edition statement 1st American ed.
260 ## - PUBLICATION, DISTRIBUTION, ETC.
Place of publication, distribution, etc. New York :
Name of publisher, distributor, etc. Harmony Books,
Date of publication, distribution, etc. c1985.
300 ## - PHYSICAL DESCRIPTION
Extent 208 p. :
Other physical details col. ill. ;
Dimensions 31 cm.
500 ## - GENERAL NOTE
General note "A Salamander book"--T.p. verso.
500 ## - GENERAL NOTE
General note Includes index.
650 #0 - SUBJECT ADDED ENTRY--TOPICAL TERM
Topical term or geographic name entry element Weapons systems.
General subdivision ME
650 #0 - SUBJECT ADDED ENTRY--TOPICAL TERM
Topical term or geographic name entry element Command and control systems.
650 #0 - SUBJECT ADDED ENTRY--TOPICAL TERM
Topical term or geographic name entry element Military weapons.
700 1# - ADDED ENTRY--PERSONAL NAME
Personal name Friedman, Richard S.
942 ## - ADDED ENTRY ELEMENTS (KOHA)
Source of classification or shelving scheme
Koha item type Book
Holdings
Withdrawn status Lost status Source of classification or shelving scheme Damaged status Not for loan Permanent Location Current Location Shelving location Date acquired Total Checkouts Full call number Barcode Date last seen Price effective from Koha item type
          Pakistan Navy Engineering College (PNEC) Pakistan Navy Engineering College (PNEC)       623 FRI PNECLIB-013735 10/04/2015   Book
© 2023 Central Library, National University of Sciences and Technology. All Rights Reserved.